The Mormons.

Bibliographic Details
Main Author: O'Dea, Thomas F.
Format: Book
Language:English
Published: [Chicago] : The University of Chicago Press, [1957]
Subjects:

MARC

Tag First Indicator Second Indicator Subfields
LEADER 00000cam a22000001 4500
001 in00000059527
005 20151007082511.0
008 721219s1957 ilu 00000 eng
010 |a  57006984  
035 |a (OCoLC)00261291 
035 |9 AAF7970AM 
040 |a DLC  |c DLC  |d TXA  |d UtOrBLW 
049 |a TXAM  |c [286621] 
050 0 0 |a BX8611  |b .O3 
082 0 |a 289.3 
092 |a 289.3  |b O23m 
100 1 |a O'Dea, Thomas F. 
245 1 4 |a The Mormons. 
264 1 |a [Chicago] :  |b The University of Chicago Press,  |c [1957] 
300 |a 288 pages ;  |c 24 cm. 
336 |a text  |b txt  |2 rdacontent 
337 |a unmediated  |b n  |2 rdamedia 
338 |a volume  |b nc  |2 rdacarrier 
650 0 |a Mormons. 
999 |a MARS 
999 f f |s 2ce0d82b-e388-3572-8d68-662e1d556e9b  |i 7d0450e4-b6fc-39a2-bfb9-321c58d10fab  |t 0 
952 f f |p ric  |a Texas A&M University  |b Rellis Campus  |c Joint Library Facility  |d Remote Storage  |t 0  |e BX8611 .O3  |h Library of Congress classification  |i unmediated -- volume  |m A14800625734 
998 f f |a BX8611 .O3  |t 0  |l Remote Storage